Statistiken für USA vs Russland

Klicken Sie hier um das Quiz zu spielen!

Allgemein

  • Dieses Quiz wurde 207 mal gespielt
  • Das Durchschnittsergebnis liegt bei 8 aus 10

Antwortstatistiken

FrageAntwort% Korrekt
Wer hat mehr Nachbarsländer?Russland
99%
Welches Land hat eine größere Fläch?Russland
98%
Welches Land hat mehr Einwohner?USA
97%
Wer hat das grössere Militärbudget?USA
92%
Wer hat mehr Nobelpreise?USA
89%
Wer hat mehr Zeitzonen?Russland
87%
Welches Land ist ein größeres Energieexportland?Russland
73%
Welches Land hat einen höheren Anteil seiner Bevölkerung in der Landwirtschaft beschäftigt?Russland
72%
Welches Land hat eine ältere Bevölkerung?Russland
62%
Welches Land hat eine höhere Staatsverschuldung im Verhältnis zum BIP?USA
61%

Verteilung der Resultate

Perzentil nach korrekt beantworteten Fragen

Anzahl Personen mit jedem Resultat

Ihre Resultats-Entwicklung

Sie haben dieses Quiz noch nicht gespielt